LEADER 01372nam 2200373 n 450 001 996388015803316 005 20221102112337.0 035 $a(CKB)1000000000631594 035 $a(EEBO)2240861336 035 $a(UnM)9928090700971 035 $a(UnM)99829123 035 $a(EXLCZ)991000000000631594 100 $a19950523d1652 uy | 101 0 $aeng 135 $aurbn||||a|bb| 200 16$a[The] Judgment of the reformed churches$b[electronic resource] $ethat a man may lawfully not only put away his vvife for her adultery, but also marry another 210 $aLondon $cprinted for Andrew Crook at the Green Dragon in Pauls Churchyard$d1652 215 $a[2], 78 p 300 $aCaption and running titles read: Of the lawfulness of marriage upon a lawful divorce. 300 $aReproduction of the original in the Lampeter, St. David's University College, University Library. 300 $aDummmy Imperfect. Copy catalogued is torn at head, affecting text. 330 $aeebo-0150 606 $aAdultery$zEngland$vEarly works to 1800 606 $aDivorce$zEngland$vEarly works to 1800 615 0$aAdultery 615 0$aDivorce 801 0$bCu-RivES 801 1$bCu-RivES 801 2$bCStRLIN 801 2$bWaOLN 906 $aBOOK 912 $a996388015803316 996 $aJudgment of the reformed churches$92398793 997 $aUNISA